Crusader For And Quality B.R. Ambedkar (Record no. 303751)

MARC details
000 -LEADER
fixed length control field 00390nam a2200157Ia 4500
008 - FIXED-LENGTH DATA ELEMENTS--GENERAL INFORMATION
fixed length control field 230718s9999 xx 000 0 und d
041 ## - LANGUAGE CODE
Language code of text/sound track or separate title eng
082 ## - DEWEY DECIMAL CLASSIFICATION NUMBER
Classification number 323.40954
Item number TAG
100 ## - MAIN ENTRY--PERSONAL NAME
Personal name Tagore R.
245 ## - TITLE STATEMENT
Title Crusader For And Quality B.R. Ambedkar
260 ## - PUBLICATION, DISTRIBUTION, ETC. (IMPRINT)
Date of publication, distribution, etc. 2002
Name of publisher, distributor, etc. Rupa
300 ## - PHYSICAL DESCRIPTION
Extent 68
365 ## - TRADE PRICE
Currency code Rs.
Price amount 95.00
700 ## - ADDED ENTRY--PERSONAL NAME
Personal name Tagore R.
906 ## - LOCAL DATA ELEMENT F, LDF (RLIN)
d B:471313-Jun-2002
c ARCHIT
b 14.25
Holdings
Withdrawn status Lost status Damaged status Not for loan Home library Current library Date acquired Vendor Budget Code Cost, normal purchase price Bill number Total Checkouts Full call number Barcode Date last seen Date last checked out Discount Cost, replacement price Bill Date Koha item type Original Barcode
        Cummins College of Engineering for Women Pune Cummins College of Engineering for Women Pune 01/07/2002 Technical Book Services ARCHIT 80.75 4713 1 323.40954 CCEP-BK-14958 01/10/2025 22/09/2025 14.25 95.00 13/06/2002 Books 014958